000 00565 a2200181 4500
003 OSt
005 20231213095757.0
008 231213b |||||||| |||| 00| 0 eng d
020 _a9788126442201
040 _coclc
082 _a894.8123
_bBAS/M
100 _aBasheer, Vaikom Muhammad
_97034
245 _aMucheettukalikkaarante Makalum Chila Gadaagadiyan Novelukalum /
_cVaikom Muhammad Basheer
250 _a8th ed.
260 _aKottayam:
_bD C Books,
_c2023.
300 _a264p.
942 _2ddc
_cBK
_h894.8123
_iBAS/M
_k894.8123
_mBAS/M
999 _c44087
_d44087